000 00593nam a2200241 a 4500
003 AR-BaBNM
005 20251128203202.0
008 082120s2002 ||||||||||||||000 | spa||
040 _cAR-BaBNM
100 1 _aRomagosa, Matilde
245 0 0 _aAlegres fábulas para niños
260 _aFlorida
_bPaulinas
_c1965
300 _a119 p.
_bil.
490 0 _aSemillitas de oro
_vv. 12
650 4 _aLITERATURA INFANTIL
650 4 _aLIBROS PARA NIÑOS
650 4 _aLEYENDAS
650 4 _aFABULAS
650 4 _aCUENTOS DE ANIMALES
655 _aLITERATURA
942 _cBK
998 _cLAURA
999 _c2287
_d2287